| 000 | 00745nam a2200205 i 4500 | ||
|---|---|---|---|
| 001 | 186782 | ||
| 003 | ES-MaACL | ||
| 005 | 20230906222738.0 | ||
| 008 | 170215s1910 sp |||| | spa d | ||
| 080 | _a821.134.2-32"18" | ||
| 100 | 1 |
_aTrigo, Felipe. _9111409 |
|
| 245 | 1 | 3 |
_aLa sombra / _cnovela de Felipe Trigo ; ilustraciones de Fernández Mota. |
| 260 |
_aMadrid : _bLos Contemporáneos, _c1910. |
||
| 300 |
_a[20] p. : _bil. ; _c27 cm. |
||
| 490 | 1 |
_aLos contemporáneos ; _v85 |
|
| 700 | 1 |
_aMota, F. ( _dfl. 1901) _949947 |
|
| 830 | 1 |
_aLos contemporáneos ; _v85 _9185715 |
|
| 852 | 4 |
_aES-MaACL _jR-2599(7) _z- Ejemplar en mal estado; falta texto; prólogo intercalado en el n. 81 de los Contemporáneas |
|
| 999 |
_c186782 _d186782 |
||